000 00510nam a2200193 a 4500
001 1777026774844
003 YourLibrary
005 20260424160636.0
008 260424s2003##################000#0#eng##
020 _a9780199242443
082 0 4 _a346.4
_bHAR
100 1 _aHarding, Christopher,
_eauthor.
245 1 0 _aRegulating Cartels in Europe :
260 _bOxford University Press, USA,
_c2003.
300 _a338 pages
650 0 _aLaw.
942 _cENGLISH
040 _aYourLibrary
_beng
_cYourLibrary
999 _c619722
_d619722